000 00374cam a2200145ua 4500
003 OSt
005 20260221112426.0
008 180814b ||||| |||| 00| 0 eng d
082 _a692.8
_bCAL/IN
100 _aCalvert, R E .
_93269
245 _aIntroduction to Building Management
260 _aLondon :
_bGeorge Newnes Limited ,
_c1964.
300 _a244 ; .
942 _cBK
999 _c3241
_d3241